India and Pakistan: (Record no. 16104)

MARC details
000 -LEADER
fixed length control field 01068nam a22002777a 4500
008 - FIXED-LENGTH DATA ELEMENTS--GENERAL INFORMATION
fixed length control field 081001t xxu||||| |||| 00| 0 eng d
010 ## - LCCN (DPL NO)
LC control number ENG-91086
020 ## - INTERNATIONAL STANDARD BOOK NUMBER
International Standard Book Number 9788184840032
Terms of availability 980.00
035 ## - SYSTEM CONTROL NUMBER
System control number EN-74619
037 ## - SOURCE OF ACQUISITION
Source of stock number/acquisition DBAD / PUB
040 ## - CATALOGING SOURCE
Original cataloging agency dpl
Language of cataloging English
082 ## - DEWEY DECIMAL CLASSIFICATION NUMBER
Classification number 327.540547
100 ## - MAIN ENTRY--PERSONAL NAME
Personal name Rajkumar Singh
245 ## - TITLE STATEMENT
Title India and Pakistan:
Statement of responsibility, etc by Rajkumar Singh
Remainder of title social, political and military perspectives /
260 ## - PUBLICATION, DISTRIBUTION, ETC. (IMPRINT)
Place of publication, distribution, etc New Delhi
Name of publisher, distributor, etc Regal Publications
Date of publication, distribution, etc 2009
270 ## - ADDRESS
Address F-159, Rajouri Garden,
City New Delhi
Postal code 110027
300 ## - PHYSICAL DESCRIPTION
Extent xxi, 297p.
Dimensions 24cm (Hb)
500 ## - GENERAL NOTE
General note Includes notes and references
651 ## - SUBJECT ADDED ENTRY--GEOGRAPHIC NAME
Geographic name India
General subdivision Relations
Geographic subdivision Pakistan
651 ## - SUBJECT ADDED ENTRY--GEOGRAPHIC NAME
Geographic name Pakistan
General subdivision Relations
Geographic subdivision India
651 ## - SUBJECT ADDED ENTRY--GEOGRAPHIC NAME
Geographic name India
General subdivision Politics and Government
651 ## - SUBJECT ADDED ENTRY--GEOGRAPHIC NAME
Geographic name Pakistan
General subdivision Politics and Government
700 ## - ADDED ENTRY--PERSONAL NAME
Personal name Arun Kumar
942 ## - ADDED ENTRY ELEMENTS (KOHA)
Source of classification or shelving scheme Dewey Decimal Classification
Item type English Books
Call number suffix RAJ
Classification part 327.540547
Holdings
Withdrawn status Lost status Source of classification or shelving scheme Damaged status Not for loan Collection code Home library Current library Date acquired Source of acquisition Cost, normal purchase price Total Checkouts Full call number Barcode Date last seen Copy number Cost, replacement price Koha item type
    Dewey Decimal Classification   Not For Loan Non-fiction D.B.Act.Division D.B.Act.Division 01/10/2008 DBAD / PUB 980.00   327.540547 RAJ EN-74619 01/10/2008 1 980.00 English Books

© Delhi Public Library
Hit Counter
free hit counter